000 00383nam a2200181Ia 4500
003 IT-RoPAU
008 120407s9999 xx 000 0 und d
040 _aIT-RoPAU
040 _cIT-RoPAU
100 _aTommaso D'Aquino
100 _csan
245 _aCommento al libro delle cause
250 _aMilano
260 _aRusconi
300 _c cm
490 _v1
942 _cBK
999 _c10334
_d10334